Đèn không hắt bóng : Dịch theo bản tiếng Nga của G. Dutkina và V. Veniaminov

Guardat en:
Dades bibliogràfiques
Autor principal: Watanabe, Dzyunich
Format: Llibre
Idioma:Undetermined
Publicat: Thành phố Hồ Chí Minh Văn Nghệ 2000
Matèries:
Etiquetes: Afegir etiqueta
Sense etiquetes, Sigues el primer a etiquetar aquest registre!
Thư viện lưu trữ: Trung tâm Học liệu Trường Đại học Cần Thơ
LEADER 00598nam a2200181Ia 4500
001 CTU_48543
008 210402s9999 xx 000 0 und d
082 |a 895.65 
082 |b W324 
100 |a Watanabe, Dzyunich 
245 0 |a Đèn không hắt bóng : 
245 0 |b Dịch theo bản tiếng Nga của G. Dutkina và V. Veniaminov 
245 0 |c Dzyunich Watanabe ; Cao Xuân Hạo 
260 |a Thành phố Hồ Chí Minh 
260 |b Văn Nghệ 
260 |c 2000 
650 |a japanese fiction ( vietnamese ) 
980 |a Trung tâm Học liệu Trường Đại học Cần Thơ